Odgadnij kadrę po numerach - Polska - Statystyki

Ogólne statystyki
  • Ten quiz został rozwiązany 19 razy
  • Średni wynik to 6 z 26
Statystyki odpowiedzi
Numer na EURO Piłkarz % Poprawnych
1 Wojciech Szczęsny
93%
9 Robert Lewandowski
57%
2 Bartosz Salamon
36%
11 Kamil Grosicki
36%
10 Piotr Zieliński
36%
5 Jan Bednarek
29%
21 Nicola Zalewski
29%
14 Jakub Kiwior
21%
8 Jakub Moder
21%
6 Jakub Piotrowski
21%
26 Kacper Urbański
21%
23 Krzysztof Piątek
21%
12 Łukasz Skorupski
21%
20 Sebastian Szymański
21%
7 Karol Świderski
14%
22 Marcin Bułka
14%
25 Michał Skóraś
14%
3 Paweł Dawidowicz
14%
19 Przemysław Frankowski
14%
13 Taras Romanczuk
14%
16 Adam Buksa
7%
18 Bartosz Bereszyński
7%
24 Bartosz Ślisz
7%
17 Damian Szymański
7%
4 Sebastian Walukiewicz
7%
15 Tymoteusz Puchacz
7%
Nie znaleziono quizów pasujących do podanych kryteriów
Rozkład punktacji
Procent ludzi z każdym wynikiem
Percentyl według liczby udzielonych odpowiedzi
Twoja historia wyników
Nie rozwiązałeś tego quizu